International boundary surveys and demarcation in the late 19th and early 20th centuries (Record no. 81198)
[ view plain ]
| 000 -LEADER | |
|---|---|
| fixed length control field | 01108cab a22001935a 4500 |
| 001 - CONTROL NUMBER | |
| control field | L146605 |
| 008 - FIXED-LENGTH DATA ELEMENTS--GENERAL INFORMATION | |
| fixed length control field | 090209d2009 xxkb f 000 0 eng d |
| 035 ## - SYSTEM CONTROL NUMBER | |
| System control number | (Sirsi) u146605 |
| 041 0# - LANGUAGE CODE | |
| Language code of text/sound track or separate title | eng |
| 100 1# - MAIN ENTRY--PERSONAL NAME | |
| Personal name | Collier, P. |
| 245 00 - TITLE STATEMENT | |
| Title | International boundary surveys and demarcation in the late 19th and early 20th centuries |
| 260 ## - PUBLICATION, DISTRIBUTION, ETC. | |
| Date of publication, distribution, etc. | 2009 |
| 490 ## - SERIES STATEMENT | |
| Series statement | Survey Review |
| Volume/sequential designation | 41(311) January 2009, 2-13(12) |
| 520 ## - SUMMARY, ETC. | |
| Summary, etc. | Essay provides an introduction to boundary surveying in the 19th and 20th centuries in the context of international colonisation. Discusses types of boundaries in early surveying and changes after the first World War. Concludes by saying that boundaries were typically delineated without recourse to theory and lists some of the proponents of a move towards better-defined theories of surveying practice. Of particular interest to surveying students and researchers, or practitioners with particular interest in the origins of boundaries surveying. |
| 590 ## - LOCAL NOTE (RLIN) | |
| Local note | KA |
| 651 #4 - SUBJECT ADDED ENTRY--GEOGRAPHIC NAME | |
| Geographic name | International |
| 690 ## - LOCAL SUBJECT ADDED ENTRY--TOPICAL TERM (OCLC, RLIN) | |
| Topical term or geographic name as entry element | PROPERTY-PROPERTY MANAGEMENT-BOUNDARY DETERMINATION-BOUNDARIES |
| 942 ## - ADDED ENTRY ELEMENTS (KOHA) | |
| Suppress in OPAC | 0 |
| Withdrawn status | Lost status | Source of classification or shelving scheme | Damaged status | Not for loan | Home library | Current library | Shelving location | Date acquired | Total Checkouts | Full call number | Barcode | Date last seen | Copy number | Price effective from | Koha item type |
|---|---|---|---|---|---|---|---|---|---|---|---|---|---|---|---|
| Dewey Decimal Classification | London | London | Journal article | 09/02/2009 | L146605 | 146605-1001 | 06/08/2019 | 1 | 06/08/2019 | Journal article |